000 00341pab a2200133 454500
008 180718b xxu||||| |||| 00| 0 eng d
100 _aPathak Chhote Lal
245 _aWhite-collar crime
362 _a2(11), Nov 1994, p.13-15
650 _a Crime -- India
650 _aWhite Collar Crimes -- India
773 _aCBI Bulletin
909 _a28109
999 _c28109
_d28109